000
00203 a2200097 4500
020
_a
0516515861
041
_a
spa
100
_a
Mary Blocksma
245
_a
Chirrinchinchina que hay en la Tina
942
_c
BK
999
_c
15203
_d
15203